| 000 | 00356 a2200169 4500 | ||
|---|---|---|---|
| 001 | 68639 | ||
| 020 | _a8516022269 | ||
| 040 | _cAnchieta - Itaigara | ||
| 100 | _aBandeira, Pedro | ||
| 240 | 1 | 0 |
_aA pequena bruxa _lpor |
| 245 | 1 | 0 | _aA pequena bruxa |
| 300 | _a48 | ||
| 362 | 0 | _a1998 | |
| 440 | 1 | _aModerna | |
| 650 | 4 | _aLiteratura infantil | |
| 942 | _cBK | ||
| 999 |
_c68639 _d68639 |
||